书目信息 |
| 题名: |
标准化基础知识
|
|
| 作者: | ;化学工业部人事教育司 , 化学工业部教育培训中心 编写 | |
| 分册: | ||
| 出版信息: | 北京 化学工业出版社 1997 |
|
| 页数: | 77页 | |
| 开本: | 20cm | |
| 丛书名: | ||
| 单 册: | ||
| 中图分类: | F273.1 | |
| 科图分类: | ||
| 主题词: | 化学工业--标准化--技术培训 | |
| 电子资源: | ||
| ISBN: | 7-5025-1958-0 | |
| 000 | 00768nam0 2200217 45 | |
| 001 | 0204281486 | |
| 005 | 20031219104055.2 | |
| 010 | @a7-5025-1958-0@dCNY5.40 | |
| 100 | @a20020428d1997 km y0chiy0120 ea | |
| 101 | 0 | @achi |
| 105 | @a z 000yy | |
| 200 | 1 | @a标准化基础知识@ABiao Zhun Hua Ji Chu Zhi Shi@f化学工业部人事教育司,化学工业部教育培训中心编写@FHua Xue Gong Ye Bu Ren Shi Jiao Yu Si,Hua Xue Gong Ye Bu Jiao Yu Pei XunZhong Xin Bian Xie |
| 210 | @a北京@c化学工业出版社@d1997 | |
| 215 | @a77页@d20cm | |
| 300 | @a化工工人技术理论培训教材 | |
| 606 | 0 | @a化学工业@x标准化@x技术培训 |
| 690 | @aF273.1@v4 | |
| 711 | 02 | @a化学工业部人事教育司@4编写 |
| 711 | 02 | @a化学工业部教育培训中心@4编写 |
| 801 | @aCN@bTSTC@c20020428 | |
| 905 | @b309409-415@dF273.1@e108@f7 | |
| 标准化基础知识/化学工业部人事教育司,化学工业部教育培训中心编写.-北京:化学工业出版社,1997 |
| 77页;20cm |
| 化工工人技术理论培训教材 |
| ISBN 7-5025-1958-0:CNY5.40 |
| ● |
| 相关链接 |
|
|
|
|
正题名:标准化基础知识
索取号:F273.1/108
 
预约/预借
| 序号 | 登录号 | 条形码 | 馆藏地/架位号 | 状态 | 备注 |
| 1 | 0309409 | 203094098 | 密集书库/ [索取号:F273.1/108] | 在馆 | |
| 2 | 0309410 | 203094105 | 密集书库/ [索取号:F273.1/108] | 在馆 | |
| 3 | 0309411 | 203094114 | 第一借阅区/ [索取号:F273.1/108] | 在馆 | |
| 4 | 0309412 | 203094123 | 第一借阅区/ [索取号:F273.1/108] | 在馆 | |
| 5 | 0309413 | 203094132 | 密集书库/ [索取号:F273.1/108] | 在馆 | |
| 6 | 0309414 | 203094141 | 第一借阅区/ [索取号:F273.1/108] | 在馆 | |
| 7 | 0309415 | 203094150 | 第一借阅区/ [索取号:F273.1/108] | 在馆 |